000 00705nam a2200217 a 4500
001 000038594
005 20201002031315.0
008 110804s1974 dr 000 0 spa d
040 _aDO-SdBNP
_bspa
_cBNPHU
082 _a972.93
_bG491h, 1974
100 1 _aGimbernard, Jacinto
_d1931-
_928978
245 1 0 _aHistoria de Santo Domingo /
_cJacinto Gimbernard Pellerano.
250 _a5a ed.
260 _aSanto Domingo :
_bCultural,
_c1974.
300 _aix, 530 p. :
_bil., retrs. ;
_c22 cm.
500 _aIncluye índice
500 _aBibliografía: p. 501-507
651 4 _aRepública Dominicana
_xHistoria
_9170
650 4 _aSanto domingo
_xHistoria
_964932
910 _aValidado. Control de calidad MFF
999 _c38084
_d38084